000 00446nam a2200169Ia 4500
003 GCL
008 140319s9999 xx 000 0 eng d
040 _aGCL /
_cGCL
082 0 4 _a741.09
_bW B
100 1 _aWOOLLARD, DAROTH E.G
245 1 0 _aBOURNEMOUTH AND DISTRICT: A SKETCH BOOK /
_cWOOLLARD, DAROTH E.G
260 _a[S.N] :
_bA AND C BLACK LIMITED
650 0 4 _aARTS
650 0 4 _aSKETCH - BOOK
650 0 4 _aDRAURING
942 _2ddc
_cBK
999 _c12198
_d12198